Accounting information systems in the fast food industry: a valuable tool for small business survival (Record no. 354277)
[ view plain ]
| 000 -LEADER | |
|---|---|
| fixed length control field | 00581nam a2200097Ia 4500 |
| 008 - FIXED-LENGTH DATA ELEMENTS--GENERAL INFORMATION | |
| fixed length control field | 180130s9999 xx 000 0 und d |
| 245 ## - TITLE STATEMENT | |
| Statement of responsibility, etc | Allah, Thembelihle; August, Puleng; Bhaza, Siphamandla; Chigovanyika, Tinashe; Dyan, Unathi; Muteweye, Tinashe; Ngcoza, Mandisi; Tshiwula, Neliswa; Qambela, Vuyiseka; Vooi, Yanga; Bruwer, Juan-Pierre |
| Title | Accounting information systems in the fast food industry: a valuable tool for small business survival |
| 260 ## - PUBLICATION, DISTRIBUTION, ETC. (IMPRINT) | |
| Date of publication, distribution, etc | 2016 |
| 300 ## - PHYSICAL DESCRIPTION | |
| Extent | Book title: Information technology management--Acession number C20746; pages 232-236 |
| 650 ## - SUBJECT ADDED ENTRY--TOPICAL TERM | |
| Topical term or geographic name as entry element | IT MANAGEMENT |
| Withdrawn status | Lost status | Damaged status | Home library | Current library | Date acquired | Total Checkouts | Date last seen | Price effective from | Koha item type |
|---|---|---|---|---|---|---|---|---|---|
| College Library | College Library | 01/30/2018 | 01/30/2018 | 01/30/2018 | Book Chapter |